LEADER 02519nam0 22003851i 450 001 SUN0029857 005 20101207115516.483 100 $a20041209d1998 |0itac50 ba 101 $aita 102 $aIT 105 $a|||| ||||| 200 1 $aProgetti di edilizia ad Aversa$eesercitazioni progettuali tratte dal corso di architettura tecnica 1994-1998$fRenato Iovino$ga cura di Flavia Fascia ... [et.al.] 205 $aAversa : Molinaro$b[1998] 210 $d158 p. : ill. ; 29 cm 215 $aSul front.: Seconda Università degli Studi di Napoli. 620 $dAversa$3SUNL000258 700 1$aIovino$b, Renato$3SUNV021132$0439622 702 1$aFascia$b, Flavia$3SUNV020923 712 $aMolinaro$3SUNV001767$4650 801 $aIT$bSOL$c20181109$gRICA 912 $aSUN0029857 950 $aUFFICIO DI BIBLIOTECA DEI DIPARTIMENTI DI INGEGNERIA$d05 CONS F II 323 $e05 4545 950 $aUFFICIO DI BIBLIOTECA DEI DIPARTIMENTI DI INGEGNERIA$d05 CONS F AUL II 043 AULARIO $e05 4546 950 $aUFFICIO DI BIBLIOTECA DEI DIPARTIMENTI DI INGEGNERIA$d05 CONS F II 107 $e05 2808 950 $aUFFICIO DI BIBLIOTECA DEI DIPARTIMENTI DI INGEGNERIA$d05 CONS F II 105 $e05 2806 950 $aUFFICIO DI BIBLIOTECA DEI DIPARTIMENTI DI INGEGNERIA$d05 CONS F II 106 $e05 2807 950 $aUFFICIO DI BIBLIOTECA DEI DIPARTIMENTI DI INGEGNERIA$d05 CONS F AUL II 014 AULARIO $e05 2809 995 $aUFFICIO DI BIBLIOTECA DEI DIPARTIMENTI DI INGEGNERIA$bIT-CE0100$h4545$kCONS F II 323$oc$qa 995 $aUFFICIO DI BIBLIOTECA DEI DIPARTIMENTI DI INGEGNERIA$bIT-CE0100$h4546$kCONS F AUL II 043 AULARIO$oc$qa 995 $aUFFICIO DI BIBLIOTECA DEI DIPARTIMENTI DI INGEGNERIA$bIT-CE0100$h2808$kCONS F II 107$oc$qa 995 $aUFFICIO DI BIBLIOTECA DEI DIPARTIMENTI DI INGEGNERIA$bIT-CE0100$h2806$kCONS F II 105$oc$qa 995 $aUFFICIO DI BIBLIOTECA DEI DIPARTIMENTI DI INGEGNERIA$bIT-CE0100$h2807$kCONS F II 106$oc$qa 995 $aUFFICIO DI BIBLIOTECA DEI DIPARTIMENTI DI INGEGNERIA$bIT-CE0100$h2809$kCONS F AUL II 014 AULARIO$oc$qa 996 $aProgetti di edilizia ad Aversa$91431608 997 $aUNICAMPANIA LEADER 03792nam 2200649 a 450 001 9910974529103321 005 20251017110112.0 010 $a9780309255288 010 $a0309255287 010 $a9781283636254 010 $a1283636255 010 $a9780309255264 010 $a0309255260 035 $a(CKB)2670000000275669 035 $a(EBL)3379030 035 $a(SSID)ssj0000682057 035 $a(PQKBManifestationID)12331766 035 $a(PQKBTitleCode)TC0000682057 035 $a(PQKBWorkID)10682785 035 $a(PQKB)11347364 035 $a(Au-PeEL)EBL3379030 035 $a(CaPaEBR)ebr10613380 035 $a(CaONFJC)MIL394871 035 $a(OCoLC)810077541 035 $a(MiAaPQ)EBC3379030 035 $a(Perlego)4738638 035 $a(DNLM)1598017 035 $a(EXLCZ)992670000000275669 100 $a20121023d2012 uy 0 101 0 $aeng 135 $aurcn||||||||| 181 $ctxt 182 $cc 183 $acr 200 10$aRanking vaccines $ea prioritization framework. Phase I, Demonstration of concept and software blueprint /$fGuruprasad Madhavan ... [et al.], editors ; Institute of Medicine of the National Academies 205 $a1st ed. 210 $aWashington, D.C. $cNational Academies Press$d2012 215 $a1 online resource (170 p.) 300 $a"Committee on Identifying and Prioritizing New Preventive Vaccines for Development, Board on Population Health and Public Health Practice, Board on Global Health." 311 08$a9780309255257 311 08$a0309255252 320 $aIncludes bibliographical references. 327 $a""Front Matter""; ""Reviewers""; ""Foreword""; ""Preface""; ""Contents""; ""Disclaimer""; ""Summary""; ""1 Introduction: From Smallpox to SMART Vaccines""; ""2 Modeling Strategy: From Single Attribute to Multiple Attributes""; ""3 Data Evaluation and Software Development""; ""4 Observations and Looking Forward""; ""References""; ""Appendix A: Mathematical Functions""; ""Appendix B: Candidate Disease Profiles and Data""; ""Appendix C: Stakeholder Speakers""; ""Appendix D: Biographical Information"" 330 $a"As a number of diseases emerge or reemerge thus stimulating new vaccine development opportunities to help prevent those diseases, it can be especially difficult for decision makers to know where to invest their limited resources. Therefore, it is increasingly important for decision makers to have the tools that can assist and inform their vaccine prioritization efforts. In this first phase report, the IOM offers a framework and proof of concept to account for various factors influencing vaccine prioritization-demographic, economic, health, scientific, business, programmatic, social, policy factors and public concerns. Ranking Vaccines: A Prioritization Framework describes a decision-support model and the blueprint of a software-called Strategic Multi-Attribute Ranking Tool for Vaccines or SMART Vaccines. SMART Vaccines should be of help to decision makers. SMART Vaccines Beta is not available for public use, but SMART Vaccines 1.0 is expected to be released at the end of the second phase of this study, when it will be fully operational and capable of guiding discussions about prioritizing the development and introduction of new vaccines"--Publisher's description. 606 $aVaccines 615 0$aVaccines. 676 $a615.372 701 $aMadhavan$b Guruprasad$0859655 712 02$aInstitute of Medicine (U.S.).$bBoard on Population Health and Public Health Practice. 712 02$aInstitute of Medicine (U.S.).$bBoard on Global Health. 801 0$bMiAaPQ 801 1$bMiAaPQ 801 2$bMiAaPQ 906 $aBOOK 912 $a9910974529103321 996 $aRanking vaccines$94364138 997 $aUNINA